000 00586nam a2200241Ia 4500
003 OSt
005 20220924144825.0
006 a|||||r|||| 00| 0
007 ta
008 220923b |||||||| |||| 00| 0 urd d
024 _a322234
037 _cTextual
040 _aARTS
_cARTS
_burd
041 _2urd
_aurd
082 _aT(S), 168G8
100 _aKeptric Au.
_9218517
245 0 _aUsool-e-taleem ke usool
260 _c1938
650 _a PSYCHOLOGY
650 _aEDUCATION
942 _hT(S), 168G8
_cTEXL
_2CC
999 _c458385
_d458385